000 01539nam0a22003371 4500
001 rc\348751
005 20260409070237.0
035 _a(NLR Aleph) 005550683
090 _a5807261
_c5807261
100 _a20030307d1990 |||y0rusy50 ca
101 0 _arus
102 _aRU
105 _ay |||||||||
200 1 _aУРОКИ Великой Победы и современность
_e(К 45-летию Победы сов. народа в Великой Отеч. войне)
_f[Д. и. н. Ю.В. Сиволоб]
210 _aКиев
_cБ. и.
_d1990
215 _a44 с.
_d21
225 1 _aПрепринт
_fАН УССР, Ин-т философии. Отд. науч. информ. по обществ. наукам
225 1 _aНаучная информация
_iОбщественные науки
320 _aБиблиогр.: с. 42-43
606 _aВеликая Отечественная война
_z1941 - 1945
_xГодовщины
_3RU\NLR\AUTH\66187542
_91237240
606 _aВеликая Отечественная война
_z1941 - 1945
_xПобеда над Германией
_3RU\NLR\AUTH\66181610
_91226568
686 1 _aТ3(2)722,021.2
686 1 _aЦ35(2)722.438
701 1 _aСиволоб
_bЮ.В.
_gЮрий Владимирович
712 0 2 _aИнститут философии им. Г. С. Сковороды
_cКиев
_3RU\NLR\AUTH\889954959
_9405943
801 0 _aRU
_bNLR
_gpsbo
801 1 _aRU
_bELAR
_2rusmarc
852 _aNLR
_j90-4/9128
942 _cBOOK
980 _aNB